[Event "ROM-ch U08"]
[Site "Calimanesti"]
[Date "2013.04.08"]
[Round "9"]
[White "Iliescu, David Adrian"]
[Black "Musat, Andrei David"]
[Result "0-1"]
[WhiteElo "1121"]
[BlackElo "1073"]
[PlyCount "132"]
[EventDate "2013.04.02"]
[EventType "swiss"]
[EventRounds "9"]
[EventCountry "ROU"]
[SourceTitle "CBM 153 Extra"]
[Source "ChessBase"]
[SourceDate "2013.04.22"]
[SourceVersion "1"]
[SourceVersionDate "2013.04.22"]
[SourceQuality "1"]

1. e4 e6 2. Nc3 d5 3. exd5 exd5 4. h3 Nf6 5. Nf3 Bb4 6. a3 Bc5 7. d4 Bd6 8. Bg5 Be6 9. Qe2 0-0 10. 0-0-0 Nbd7 11. Qd3 c6 12. Be2 b5 13. b4 a5 14. Na2 axb4 15. Nxb4 Bxb4 16. axb4 Ra4 17. c3 Qa8 18. Rhe1 Ra1+ 19. Kd2 Ra2+ 20. Ke3 Ne4 21. g4 Ra3 22. Rc1 Nb6 23. Bf4 Nc4+ 24. Qxc4 bxc4 25. Ng5 Nxg5 26. Bxg5 Re8 27. Kf3 h6 28. Bh4 g5 29. Bg3 Qd8 30. Be5 f6 31. Bh2 f5 32. gxf5 Bxf5 33. Kg3 Qd7 34. Bg4 Bxg4 35. hxg4 Rxe1 36. Rxe1 Rxc3+ 37. f3 Qf7 38. Rf1 Qa7 39. Rd1 Qa3 40. Rf1 Qxb4 41. Ra1 Qb7 42. Re1 Kf8 43. Kh3 Rxf3+ 44. Kg2 Rf6 45. Bg3 c3 46. Be5 Rg6 47. Rf1+ Ke8 48. Re1 Re6 49. Kf3 Qb2 50. Re2 Qb1 51. Kf2 c2 52. Re1 Qxe1+ 53. Kxe1 c1Q+ 54. Ke2 Rxe5+ 55. dxe5 Qc4+ 56. Kf3 Qe4+ 57. Kf2 Qxe5 58. Kf3 d4 59. Kf2 d3 60. Kf3 d2 61. Kf2 d1Q 62. Kg2 Qxg4+ 63. Kf2 Qb2+ 64. Ke3 Qc3+ 65. Kf2 Qcf3+ 66. Ke1 Qe2# 0-1

[Event "ROM-ch U08"]
[Site "Calimanesti"]
[Date "2013.04.05"]
[Round "6"]
[White "Musat, Andrei David"]
[Black "Veress, Armand"]
[Result "1-0"]
[WhiteElo "1073"]
[BlackElo "1047"]
[PlyCount "71"]
[EventDate "2013.04.02"]
[EventType "swiss"]
[EventRounds "9"]
[EventCountry "ROU"]
[SourceTitle "CBM 153 Extra"]
[Source "ChessBase"]
[SourceDate "2013.04.22"]
[SourceVersion "1"]
[SourceVersionDate "2013.04.22"]
[SourceQuality "1"]

1. e4 e6 2. d4 d5 3. Nc3 c5 4. Nf3 Nc6 5. Bf4 Bd6 6. Bxd6 Qxd6 7. e5 Qd8 8. dxc5 Qc7 9. Bb5 Bd7 10. Bxc6 Bxc6 11. 0-0 Ne7 12. Qd3 0-0 13. Ng5 f5 14. exf6 Ng6 15. Nxe6 Qe5 16. Nxf8 Rxf8 17. fxg7 Qxg7 18. Qg3 d4 19. Ne2 Nh4 20. Qxg7+ Kxg7 21. f3 Bb5 22. Rf2 Bxe2 23. Rxe2 Rf6 24. Re7+ Kf8 25. Rxh7 Nf5 26. Rxb7 Rg6 27. Rd7 Nh4 28. g3 Nxf3+ 29. Kg2 Nh4+ 30. Kh1 Nf3 31. Rf1 Ke8 32. Rxa7 Nd2 33. Rf2 Nc4 34. b3 Ne3 35. b4 Rg8 36. Ra8+ 1-0

[Event "ROM-ch U08"]
[Site "Calimanesti"]
[Date "2013.04.02"]
[Round "1"]
[White "Musat, Andrei David"]
[Black "Ionita, Stefan"]
[Result "0-1"]
[WhiteElo "1073"]
[BlackElo "1222"]
[PlyCount "80"]
[EventDate "2013.04.02"]
[EventType "swiss"]
[EventRounds "9"]
[EventCountry "ROU"]
[SourceTitle "CBM 153 Extra"]
[Source "ChessBase"]
[SourceDate "2013.04.22"]
[SourceVersion "1"]
[SourceVersionDate "2013.04.22"]
[SourceQuality "1"]

1. e4 c5 2. Nf3 e6 3. d4 cxd4 4. Nxd4 Nf6 5. Bg5 d6 6. Bd3 Be7 7. 0-0 e5 8. Nb3 0-0 9. Nc3 b6 10. Be3 Bb7 11. Qf3 Nbd7 12. Qg3 Rc8 13. Bh6 Nh5 14. Qg4 Ndf6 15. Qg5 Kh8 16. Bxg7+ Nxg7 17. Rfe1 Rg8 18. Qe3 Ne6 19. Nb5 a6 20. Nc3 Nf4 21. Bf1 b5 22. g3 Qd7 23. Kh1 Nh3 24. Nd2 Rg7 25. Nf3 Rcg8 26. Bg2 Ng4 27. Bxh3 Nxe3 28. Bxd7 Nxc2 29. Rec1 Nxa1 30. Rxa1 Rf8 31. a4 f5 32. Nd2 b4 33. Nd5 fxe4 34. Nxe7 Rxe7 35. Bg4 e3+ 36. Kg1 exd2 37. Rd1 Rc7 38. Rxd2 Rfc8 39. Bxc8 Rc1+ 40. Rd1 Rxd1# 0-1